La ilusión constitucional (Record no. 91808)

MARC details
000 -LEADER
campo de control de longitud fija 00776nam a2200229 i 4500
001 - NÚMERO DE CONTROL
campo de control 91808
003 - IDENTIFICADOR DE NÚMERO DE CONTROL
campo de control ES-MaACL
005 - FECHA Y HORA DE LA ÚLTIMA TRANSACCIÓN
campo de control 20240527160108.0
007 - CAMPO FIJO DE DESCRIPCIÓN FÍSICA--INFORMACIÓN GENERAL
campo de control de longitud fija t|
008 - DATOS DE LONGITUD FIJA--INFORMACIÓN GENERAL
campo de control de longitud fija 050217s2004 sp ||||1| spa d
020 ## - NÚMERO INTERNACIONAL ESTÁNDAR DEL LIBRO
Número Internacional Estándar del Libro 84-95776-97-9
080 ## - NÚMERO DE LA CLASIFICACIÓN DECIMAL UNIVERSAL
Número de la Clasificación Decimal Universal 341.176(4-672 UE)
245 03 - MENCIÓN DEL TÍTULO
Título La ilusión constitucional
Resto del título : una crítica del proyecto de la convención y razones para una Europa alternativa /
Mención de responsabilidad, etc. Xavier Pedro, Gerardo Pisarello (editores) ; Antonio Cantero ... [et al.].
260 ## - PUBLICACIÓN, DISTRIBUCIÓN, ETC.
Lugar de publicación, distribución, etc. Barcelona :
Nombre del editor, distribuidor, etc. El Viejo Topo,
Fecha de publicación, distribución, etc. [2004]
300 ## - DESCRIPCIÓN FÍSICA
Extensión 169 p. ;
Dimensiones 22 cm.
610 20 - PUNTO DE ACCESO ADICIONAL DE MATERIA--NOMBRE DE ENTIDAD CORPORATIVA
Nombre de entidad corporativa o nombre de jurisdicción como elemento de entrada
9 (RLIN) 236702
700 1# - ENTRADA AGREGADA--NOMBRE PERSONAL
Nombre de persona Pedrol, Xavier.
9 (RLIN) 89933
700 1# - ENTRADA AGREGADA--NOMBRE PERSONAL
Nombre de persona Pisarello, Gerardo.
9 (RLIN) 92369
700 1# - ENTRADA AGREGADA--NOMBRE PERSONAL
Nombre de persona Cantero, Antonio.
9 (RLIN) 34647
852 ## - LOCALIZACIÓN
Ubicación ES-MaACL
Número de control de estantería L-28849
Sublocalización o colección R.135248
Holdings
Estatus retirado Estado de pérdida Estado de daño No para préstamo Biblioteca de origen Biblioteca actual Ubicación en estantería Fecha de adquisición Fuente de adquisición Total de préstamos Signatura topográfica completa Código de barras Visto por última vez Precio de reemplazo Tipo de ítem Koha
        Biblioteca del Ateneo de Madrid Biblioteca del Ateneo de Madrid Depósito 2 17/01/2008     L-28849 1095854 23/02/2023 23/02/2023 Libro impreso